000 00354cam a2200157ua 4500
041 _aeng
_h
082 _a828.09
_b
100 _aLucas, F L .
245 _aStyle /
_cF L Lucas.
_hTextual Documents
250 _a7 /
_b.
260 _aLendon :
_bCassell Company Ltd ,
_c1964.
300 _a294 ; .
504 _a
942 _cBK
999 _c2793
_d2793